000 00214nam a22000857a 4500
008 170626b xxu||||| |||| 00| 0 eng d
100 _93690
_aJain. D
245 _aMental maths class - 1
260 _aNew delhi
_bAmity
_c2009
999 _c7106
_d7106